|
|
|
|
| LEADER |
00760nam a2200241Ia 4500 |
| 001 |
CTU_134143 |
| 008 |
210402s9999 xx 000 0 und d |
| 020 |
|
|
|c 329000
|
| 082 |
|
|
|a 448.24
|
| 082 |
|
|
|b B655/B.1
|
| 100 |
|
|
|a Bloomfield, Anatole
|
| 245 |
|
0 |
|a DELF B1 :
|
| 245 |
|
0 |
|b 200 activités
|
| 245 |
|
0 |
|c Anatole Bloomfield, Anna Mubanga Beya
|
| 260 |
|
|
|a Paris
|
| 260 |
|
|
|b CLE international
|
| 260 |
|
|
|c 2006
|
| 526 |
|
|
|a Pháp văn tăng cường 2 (*),Pháp văn tăng cường 3 (*)
|
| 526 |
|
|
|b FL008,FL009
|
| 650 |
|
|
|a French language,French language,French language,Ngôn ngữ Pháp
|
| 904 |
|
|
|i Giang
|
| 910 |
|
|
|a Sách kèm CD số: AVA.000681
|
| 980 |
|
|
|a Trung tâm Học liệu Trường Đại học Cần Thơ
|